| 000 | 00498cam a2200181 4500 | ||
|---|---|---|---|
| 001 | D12226 | ||
| 008 | 090401t1952 xxu||||| |||| 00| 0 eng d | ||
| 035 | _a(Sirsi) u2131 | ||
| 041 | _aeng | ||
| 100 | _aBradford, J.E.S. | ||
| 245 | 4 | _aThe geometric navigulation and trigohometical survey of Southern Rhodesia 1897-1952 | |
| 260 |
_aSalisbury, S. Rhodesia _bSurveyor Generals Office _c1952 |
||
| 350 | _a0 | ||
| 520 | _aShelf 177 | ||
| 700 | _aGauld, A.C. | ||
| 942 | _n0 | ||
| 948 | _c04/03/1997 | ||
| 999 |
_c85732 _d85732 |
||